Normal view
MARC view
- المحاسبة المالية-المحاسبة الادارية-ادارة الاعمال
Entry Topical Term
001 - CONTROL NUMBER
- control field: 63058
003 - CONTROL NUMBER IDENTIFIER
- control field: JO-AjAnu
005 - DATE AND TIME OF LATEST TRANSACTION
- control field: 20230606084308.0
008 - FIXED-LENGTH DATA ELEMENTS
- fixed length control field: 230606|| aca||aabn | a|a d
040 ## - CATALOGING SOURCE
- Original cataloging agency: JO-AjAnu
- Transcribing agency: JO-AjAnu
150 ## - HEADING--TOPICAL TERM
- Topical term or geographic name entry element: المحاسبة المالية-المحاسبة الادارية-ادارة الاعمال
670 ## - SOURCE DATA FOUND
- Source citation: Work cat.: (JO-AjAnu)32151: نور، عبدالناصر ابراهيم، م.مشارك عبدالخالق مطلك الراوي، م.مشارك مؤيد محمد الفضل, author 63057, المحاسبةالادارية